000 00424nam a22001817a 4500
003 MPLRDC
005 20220104170722.0
008 210129b ||||| |||| 00| 0 eng d
020 _a981-00-0687-X
082 _a563.146 GTW 1988
100 _aGOH TIANWAH
245 _aGUIDE TO LETTERS OF CREDIT
_c
250 _a初版
260 _a
_bRANK BOOKS
_c1988
300 _b
650 _a
942 _cBK
_o563.146 GTW 1988
999 _c58091
_d58081